000 00566nam a2200157 a 4500
001 000028906
005 20200930055218.0
008 110412s2002 dr 000 0 spa d
040 _aDO-SdBNP
_bspa
_cBNPHU
082 _axxxx
110 1 _aRepública Dominicana.
_bPoder Judicial
_bSuprema Corte de Justicia
_955712
245 1 0 _aFunciones legales y administrativas de los Secretarios de los Tribunales del Poder Judicial de la Repúblublica Dominicana.
260 _aSanto Domingo :
_bSuprema Corte de Justicia,
_c2002.
300 _a32 p. ;
_c21 cm.
049 _aBNPD
999 _c28398
_d28398